[Event "PAR-ch sf"]
[Site "Asuncion"]
[Date "2022.06.12"]
[Round "5"]
[White "Da Ponte Vera, Giuseppe G"]
[Black "Mayeregger Gonzalez, Fiorella Allegra"]
[Result "1/2-1/2"]
[WhiteElo "1451"]
[BlackElo "1284"]
[PlyCount "70"]
[EventDate "2022.06.10"]
[EventType "swiss"]
[EventRounds "7"]
[EventCountry "PAR"]
[SourceTitle "EXT 2023"]
[Source "ChessBase"]
[SourceDate "2022.10.05"]
[SourceVersion "1"]
[SourceVersionDate "2022.10.05"]
[SourceQuality "1"]

1. e4 c5 2. Nf3 e6 3. d4 cxd4 4. Nxd4 a6 5. c4 Qc7 6. Be2 Nf6 7. f3 Nc6 8. Nc2 Be7 9. 0-0 0-0 10. Nc3 d6 11. Kh1 Rd8 12. Ne3 b6 13. Qe1 Bb7 14. Qf2 Nd4 15. Rd1 e5 16. Bf1 Rac8 17. b3 Bf8 18. Bb2 g6 19. Rac1 Bh6 20. Ncd5 Nxd5 21. cxd5 Qe7 22. Rxc8 Rxc8 23. Bxd4 exd4 24. Rxd4 b5 25. Ng4 Bg7 26. Rd2 h5 27. Ne3 Bh6 28. Rc2 Bxe3 29. Rxc8+ Bxc8 30. Qxe3 Qc7 31. Qd2 Kg7 32. b4 f6 33. h3 Bd7 34. Bd3 Qc8 35. Kh2 Qc7 1/2-1/2

[Event "PAR-ch sf"]
[Site "Asuncion"]
[Date "2022.06.12"]
[Round "6"]
[White "Palazuelos Lopez, Carlos Ezequiel"]
[Black "Da Ponte Vera, Giuseppe G"]
[Result "0-1"]
[WhiteElo "1035"]
[BlackElo "1451"]
[PlyCount "78"]
[EventDate "2022.06.10"]
[EventType "swiss"]
[EventRounds "7"]
[EventCountry "PAR"]
[SourceTitle "EXT 2023"]
[Source "ChessBase"]
[SourceDate "2022.10.05"]
[SourceVersion "1"]
[SourceVersionDate "2022.10.05"]
[SourceQuality "1"]

1. d4 d5 2. Bf4 Nf6 3. e3 Bf5 4. c4 c6 5. Nc3 e6 6. Qb3 Qb6 7. c5 Qxb3 8. axb3 Nfd7 9. Nf3 Be7 10. b4 0-0 11. b5 h6 12. Ne5 Nxe5 13. Bxe5 Nd7 14. Bg3 cxb5 15. Nxb5 a6 16. Nd6 Bxd6 17. Bxd6 Rfc8 18. Be2 Nf6 19. 0-0 Ne4 20. Bf4 g5 21. f3 Nd2 22. Rfd1 Nb3 23. Ra3 gxf4 24. Rxb3 Bc2 25. Rdd3 b5 26. exf4 f5 27. Re3 Bxb3 28. Rxb3 Kf7 29. g4 Rg8 30. h4 Rg7 31. Ra3 Ke7 32. Bxb5 fxg4 33. Kf2 Rb8 34. Bxa6 Rxb2+ 35. Kg3 gxf3+ 36. Kxf3 Rbg2 37. f5 R2g3+ 38. Kf4 R7g4+ 39. Ke5 Re4# 0-1

[Event "PAR-ch sf"]
[Site "Asuncion"]
[Date "2022.06.10"]
[Round "1"]
[White "Da Ponte Vera, Giuseppe G"]
[Black "Melian, Juan Sebastian"]
[Result "0-1"]
[WhiteElo "1451"]
[BlackElo "2134"]
[PlyCount "80"]
[EventDate "2022.06.10"]
[EventType "swiss"]
[EventRounds "7"]
[EventCountry "PAR"]
[SourceTitle "EXT 2023"]
[Source "ChessBase"]
[SourceDate "2022.10.05"]
[SourceVersion "1"]
[SourceVersionDate "2022.10.05"]
[SourceQuality "1"]

1. e4 c5 2. Nf3 e6 3. c4 Nc6 4. Nc3 a6 5. d4 cxd4 6. Nxd4 Qc7 7. a3 Nf6 8. Be2 h5 9. Be3 Ne5 10. Bf4 Nd3+ 11. Qxd3 Qxf4 12. Qg3 Bd6 13. Nf3 h4 14. Qxf4 Bxf4 15. e5 Ng4 16. Na4 Nxe5 17. 0-0 Ke7 18. g3 hxg3 19. fxg3 Be3+ 20. Kg2 Ng4 21. h3 Nf6 22. Rad1 b5 23. cxb5 axb5 24. Nc3 Bb7 25. Bxb5 g5 26. g4 d6 27. Kg3 Bf4+ 28. Kg2 Rh4 29. Ne2 Be5 30. Rc1 Bd5 31. Bc6 Bxf3+ 32. Bxf3 d5 33. Rc2 Rah8 34. Ng1 Nxg4 35. Bxg4 Rxg4+ 36. Kh1 Rg3 37. Rcf2 f5 38. Rf3 Rxf3 39. Rxf3 Bxb2 40. Rb3 Be5 0-1